Statistiken für Songs - Herbert Grönemeyer - Mensch

Klicken Sie hier um das Quiz zu spielen!

Allgemein

  • Dieses Quiz wurde 41 mal gespielt
  • Das Durchschnittsergebnis liegt bei 3 aus 11

Antwortstatistiken

Songs% Korrekt
Mensch
100%
Der Weg
40%
Zum Meer
18%
Demo (Letzter Tag)
15%
Blick zurück
13%
Dort und hier
13%
Kein Pokal
13%
Lache, wenn es nicht zum Weinen reicht!
13%
Neuland
13%
Unbewohnt
13%
Viertel vor
13%

Verteilung der Resultate

Perzentil nach korrekt beantworteten Fragen

Anzahl Personen mit jedem Resultat

Ihre Resultats-Entwicklung

Sie haben dieses Quiz noch nicht gespielt